Geography Quiz

Random Geography or Blitz Quiz

Geography 'H' Blitz Quiz Stats

Quiz Updated Nov 19, 2017

Challenge
Share
Tweet
Embed
Score 0/20 Timer 02:00
0 Plays Today
Category Answer % Correct
North American countryHaiti
96.2%
US stateHawaii
87.9%
Great LakeHuron
78%
German city (100K+)Hamburg
77%
European countryHungary
76.5%
European capitalHelsinki
68.9%
US state capitalHartford
65.2%
Japanese islandHonshu
65%
Mountain rangeHimalayas
64.9%
Major river (1000 mi+)Huang He
64.6%
Category Answer % Correct
Major bayHudson
58.5%
Asian capitalHanoi
56%
English countyHampshire
43.1%
North American capitalHavana
40.7%
African capitalHarare
39.5%
Canadian provincial capitalHalifax
36.4%
Chinese provinceHenan
33.1%
Australian state capitalHobart
31.5%
Oceanian capitalHoniara
23.9%
Greek islandHydra
5.2%

You're not logged in!

Compare scores with friends on all Sporcle quizzes.
Sign Up with Email
OR
Log In

You Might Also Like...

Show Comments

Extras

Top Quizzes Today


Score Distribution

Your Account Isn't Verified!

In order to create a playlist on Sporcle, you need to verify the email address you used during registration. Go to your Sporcle Settings to finish the process.